Sports Quiz

Random Sports or Basketball Quiz

NBA Draft No. 2 picks, 2003-2012 Quiz Stats

Quiz not verified by Sporcle

Challenge
Share
Tweet
Embed
Score 0/10 Timer 03:00
0 Plays Today
Year Player % Correct
2007Kevin Durant
87.9%
2012Michael Kidd-Gilchrist
71.1%
2011Derrick Williams
63.7%
2003Darko Milicic
63.4%
2005Marvin Williams
61.5%
2008Michael Beasley
60.5%
2010Evan Turner
60.3%
2006LaMarcus Aldridge
53.2%
2004Emeka Okafor
42.9%
2009Hasheem Thabeet
35.8%

You're not logged in!

Compare scores with friends on all Sporcle quizzes.
Sign Up with Email
OR
Log In

You Might Also Like...

Show Comments

Extras

Top Quizzes Today


Score Distribution

Your Account Isn't Verified!

In order to create a playlist on Sporcle, you need to verify the email address you used during registration. Go to your Sporcle Settings to finish the process.